000
00286nam a22001337a 4500
008
170927b xxu||||| |||| 00| 0 eng d
020
_a
9780026481441
041
_a
eng
080
_a
37
100
_a
46
101
_a
EDU
245
_a
CREATIVE LIVING
_c
GLOSSON. L.B
942
_2
udc
_c
BK
999
_c
30182
_d
30182